000 00335nam a22001577a 4500
003 SGT
020 _a978-93-325-3673-9
082 _a150
_bC14S
100 _aSOLSO, ROBERT L.
245 _aCOGNITIVE PSYCHOLOGY
250 _a8TH
260 _aINDIA
_bPEARSON
_c2014
300 _a530
650 _aPSYCHOLOGY
942 _2ddc
_cBK
_017
999 _c10659
_d10659